Statistics for Guess the Location #2

Click here to take the quiz!

General Stats

  • This quiz has been taken 45 times
  • The average score is 11 of 15

Answer Stats

Populated PlacesSovereign
State?
ContinentFirst
Letter
Location% Correct
Barcelona, Valencia, SevillaYEuropeSSpain
100%
Vatican CityYEuropeVVatican City
100%
Plovdiv, Varna, BurgasYEuropeBBulgaria
98%
Mixco, Villa Nueva, PetapaYN. Amer.GGuatemala
98%
Bergen, Trondheim, StavangerYEuropeNNorway
98%
Mumbai, Bengaluru, KolkataYAsiaIIndia
95%
Koror, Kloulklubed, UlimangYOceaniaPPalau
90%
Al Muharraq, Ar-Rifā‘, Dar KulaybYAsiaBBahrain
83%
Buson, Incheon, DaeguYAsiaSSouth Korea
83%
Chaguanas, Mon Repos, San FernandoYN. Amer.TTrinidad and Tobago
83%
Hargeysa, Berbera, KismayoYAfricaSSomalia
74%
Hakupu, Avatele, MutalauNOceaniaNNiue
50%
Burnt Pine, Kingston, CascadeNOceaniaNNorfolk Island
29%
Poon Saan, Drumsite, Silver CityNAsiaCChristmas Island
21%
GustaviaNN. AmericaSSaint Barthélemy
21%

Score Distribution

Percentile by Number Answered

Percent of People with Each Score

Your Score History

You have not taken this quiz